LEADER 01163nam a2200301 u 4500 001 000000056385 003 CaOOAMICUS 005 20070226120452.0 008 010405s1991 it u000 u ita u 020 $a8810806921 035 $a10871372 040 $aPUL(R)$bita 100 1 $aLavatori, Renzo.$0(OLS)http://pul/name/9493 245 13$aIl dono di Dio :$bpersona e missione dello Spirito Santo /$cRenzo Lavatori. 260 $aBologna :$bEdizioni Dehoniane,$cc1991. 300 $a230 p. ;$c18 cm 490 1 $aMeditazioni 504 $aBibliografia: p. 223. 650 4$aSpiritus Sanctus.$0(OLS)http://pul/subject/903 830 0$aMeditazioni.$0(OLS)http://pul/title/42871 850 $aPUL 852 $aPUL$W1$xSL Religione 1$y3$m65 I 39$j73965$nBK-PRI$b $qStampati$B73965$CPULBib$Z2$F73965 $H $81 941 1 $a8 960 $aSpirito Santo$9903 961 $aINV: 68718 996 $6020$a8810806921$9(OLS)http://pul/number/71083 996 $6245$aIl dono di Dio :$bpersona e missione dello Spirito Santo$9(OLS)http://pul/title/75416 996 $6260$aBologna :$bEdizioni Dehoniane$9(OLS)http://pul/publisher/48070 LEADER 01447nam a2200289 u 4500 001 000000060246 003 CaOOAMICUS 005 20070226120905.0 008 010718s1958 gw u000 u ger u 035 $a10897620 040 $aPUL(R)$bita 100 1 $aScheeben, Matthias Joseph,$d1835-1888.$0(OLS)http://pul/name/14574 245 14$aDie Mysterien des Christentums :$bWesen, Bedeutung und Zusammenhang derselben nach der in ihrem übernatürlichen Charakter gegebenen Perspektive /$cdargestellt von Matthias Joseph Scheeben ; Ausgabe letzter Hand hrsg. von Joseph Höfer. 250 $a3. Auf. 260 $aFreiburg :$bHerder,$c1958. 300 $axxxi, 777 p. ;$c24 cm 490 1 $aGesammelte Schriften ;$v2 504 $aContiene indici. 650 4$aDottrina cristiana.$0(OLS)http://pul/subject/2024 700 1 $aHöfer, Josef,$d1896-$0(OLS)http://pul/name/11565 830 0$aGesammelte Schriften (Herder) ;$v2.$0(OLS)http://pul/title/33366 850 $aPUL 852 $aPUL$W1$xSL Religione 2$y84$mTheol D3 6.2$j78492$nBK-PRI$b $qStampati altre collocazioni$B78492$CPULBib$Z2$F78492 $H $81 941 1 $a10 961 $aINV: 29506 996 $6245$aDie Mysterien des Christentums :$bWesen, Bedeutung und Zusammenhang derselben nach der in ihrem übernatürlichen Charakter gegebenen Perspektive$9(OLS)http://pul/title/33367 996 $6260$aFreiburg :$bHerder$9(OLS)http://pul/publisher/48354